| 000 | 00998nam a22002055i 4500 | ||
|---|---|---|---|
| 001 | 165491 | ||
| 003 | ES-MaACL | ||
| 005 | 20230906213140.0 | ||
| 008 | 040920s1879 sp |||| | spa d | ||
| 040 |
_aCAM _bspa _cCAM |
||
| 110 | 2 |
_aSociedad Filarmónica de Las Palmas. _9134896 |
|
| 245 | 1 | 0 |
_aMemoria leida en la Sociedad Filarmónica de Las Palmas en el XII aniversario de su instalacion / _cpor José Monzon y Castro ; y poesias leidas y dedicadas á la misma sociedad por Ramon Gil Roldan, Amaranto Martinez de Escobar y Emilio Alvarez de Cuento. |
| 260 |
_aLas Palmas de Gran-Canaria : _b[s.n.], _c1879 ( _fImprenta y encuadernación de Isidro Miranda) |
||
| 300 |
_a34 p. ; _c21 cm. |
||
| 700 | 1 |
_aMonzon y Castro, José. _9130124 |
|
| 700 | 1 |
_aGil Roldan, Ramón. _9127308 |
|
| 700 | 1 |
_aMartinez de Escobar, Amaranto. _9129575 |
|
| 700 | 1 |
_aAlvarez de Cueto, Emilio. _9125638 |
|
| 852 |
_aES-MaACL _jT-337-F-4 _z-- Enc. hol. _q-- Falto de la cub. original _z-- Enc. en un vol. facticio |
||
| 999 |
_c165491 _d165491 |
||